[Event "POL-ch sf"]
[Site "Lubniewice"]
[Date "2002.12.05"]
[Round "6"]
[White "Tworuszka, Michal"]
[Black "Skrzypnik, Maciej"]
[Result "1/2-1/2"]
[WhiteElo "2256"]
[BlackElo "2317"]
[PlyCount "80"]
[EventDate "2002.11.30"]
[EventType "swiss"]
[EventRounds "9"]
[EventCountry "POL"]
[SourceTitle "CBM 091 Extra"]
[Source "ChessBase"]
[SourceDate "2003.01.09"]
[SourceVersion "1"]
[SourceVersionDate "2003.01.09"]
[SourceQuality "1"]

1. e4 e6 2. d4 d5 3. Nd2 c5 4. exd5 Qxd5 5. Ngf3 cxd4 6. Bc4 Qd6 7. Qe2 Nf6 8. Nb3 Nc6 9. Bg5 a6 10. 0-0-0 b5 11. Bd3 Bb7 12. Nbxd4 Nxd4 13. Nxd4 Qd5 14. Nf3 0-0-0 15. Kb1 Qc6 16. a4 bxa4 17. Ne5 Qc7 18. Bxa6 Bc5 19. Bxb7+ Kxb7 20. Qb5+ Qb6 21. Qxb6+ Bxb6 22. Nxf7 Rxd1+ 23. Rxd1 Rf8 24. Nd6+ Kc6 25. Bxf6 gxf6 26. Ne4 f5 27. Nc3 Bxf2 28. Nxa4 e5 29. Nc3 e4 30. g3 h5 31. Ne2 h4 32. c3 hxg3 33. hxg3 Kc5 34. Rh1 Kd6 35. Rh5 Ke6 36. Nf4+ Kf6 37. Rh6+ Kf7 38. Rh7+ Kf6 39. Rh6+ Kf7 40. Rh7+ Kf6 1/2-1/2

[Event "POL-ch sf"]
[Site "Lubniewice"]
[Date "2002.12.01"]
[Round "2"]
[White "Szromba, Krzysztof"]
[Black "Skrzypnik, Maciej"]
[Result "0-1"]
[WhiteElo "2152"]
[BlackElo "2317"]
[PlyCount "74"]
[EventDate "2002.11.30"]
[EventType "swiss"]
[EventRounds "9"]
[EventCountry "POL"]
[SourceTitle "CBM 091 Extra"]
[Source "ChessBase"]
[SourceDate "2003.01.09"]
[SourceVersion "1"]
[SourceVersionDate "2003.01.09"]
[SourceQuality "1"]

1. f4 d5 2. Nf3 g6 3. g3 Bg7 4. Bg2 Nf6 5. 0-0 0-0 6. d3 b6 7. e4 e6 8. e5 Ne8 9. Qe1 c5 10. g4 Nc6 11. Qg3 f6 12. exf6 Bxf6 13. Nc3 Nc7 14. Bd2 b5 15. Rae1 b4 16. Na4 Qd6 17. Be3 Nd4 18. Qf2 Nxf3+ 19. Qxf3 Na6 20. Qf2 Be7 21. b3 Bd7 22. Nb2 Bf6 23. d4 Rac8 24. dxc5 Nxc5 25. Nd3 Nxd3 26. cxd3 Bb5 27. Rd1 d4 28. Bc1 Rc3 29. Bb2 Rxd3 30. Rxd3 Bxd3 31. Rd1 Bb5 32. Qd2 d3 33. Bxf6 Rxf6 34. Rf1 Qd4+ 35. Kh1 e5 36. fxe5 Rxf1+ 37. Bxf1 Bc6+ 0-1

[Event "POL-chT 58th"]
[Site "Lubniewice"]
[Date "2002.09.06"]
[Round "7"]
[White "Owczarzak, Jerzy"]
[Black "Skrzypnik, Maciej"]
[Result "1/2-1/2"]
[WhiteElo "2294"]
[BlackElo "2283"]
[PlyCount "106"]
[EventDate "2002.08.31"]
[EventType "team-tourn"]
[EventRounds "9"]
[EventCountry "POL"]
[SourceTitle "EXT 2019"]
[Source "ChessBase"]
[SourceDate "2018.10.10"]
[SourceVersion "1"]
[SourceVersionDate "2018.10.10"]
[SourceQuality "1"]
[WhiteTeam "Poznan Pocztowiec"]
[BlackTeam "Gorzow Wielkopolski Stilon"]
[WhiteTeamCountry "POL"]
[BlackTeamCountry "POL"]

1. e4 e6 2. d4 d5 3. Nc3 Nc6 4. e5 f6 5. Bb5 Bd7 6. Nf3 Qe7 7. 0-0 0-0-0 8. Re1 Qf7 9. Qe2 Nge7 10. a4 fxe5 11. dxe5 Nf5 12. Bxc6 Bxc6 13. Nb5 Bxb5 14. axb5 Bc5 15. c3 Rhf8 16. Ra4 Qd7 17. b3 c6 18. bxc6 Qxc6 19. Ba3 Bxa3 20. Rxa3 Kb8 21. Rea1 a6 22. g4 Ne7 23. Nd4 Qd7 24. b4 Nc6 25. Nb3 Na7 26. Nc5 Qc8 27. c4 dxc4 28. Qxc4 Rd5 29. Rc1 Nb5 30. Rd3 Nc7 31. Rxd5 Nxd5 32. b5 Ka7 33. Qd4 b6 34. Nd3 Qd7 35. bxa6 Rc8 36. Rb1 Qc6 37. Rc1 Qd7 38. Rd1 Qb5 39. h3 Rc4 40. Qa1 Ra4 41. Qc1 Rc4 42. Qg5 Qd7 43. Nb2 Rb4 44. Qc1 Qf7 45. Nd3 Rd4 46. Qa1 Rc4 47. Rc1 Rxc1+ 48. Qxc1 Kxa6 49. Qc6 Ka7 50. Nb2 Qb7 51. Qxe6 Nf4 52. Qa2+ Kb8 53. Qg8+ Ka7 1/2-1/2

[Event "POL-chT U19 33rd"]
[Site "Laczna"]
[Date "2002.07.22"]
[Round "10"]
[White "Skrzypnik, Maciej"]
[Black "Czakon, Jakub"]
[Result "0-1"]
[WhiteElo "2283"]
[BlackElo "2332"]
[PlyCount "76"]
[EventDate "2002.07.15"]
[EventType "team-tourn"]
[EventRounds "11"]
[EventCountry "POL"]
[SourceTitle "CBM 089 Extra"]
[Source "ChessBase"]
[SourceDate "2002.09.10"]
[SourceVersion "2"]
[SourceVersionDate "2002.09.10"]
[SourceQuality "1"]
[WhiteTeam "Gorzow Wielkopolski Stilon U19"]
[BlackTeam "Katowice Start U19"]
[WhiteTeamCountry "POL"]
[BlackTeamCountry "POL"]

1. e4 c5 2. Nf3 d6 3. d4 cxd4 4. Nxd4 Nf6 5. Nc3 a6 6. Bg5 e6 7. Qd3 Nbd7 8. f4 Be7 9. Be2 h6 10. Bxf6 Bxf6 11. 0-0-0 Nc5 12. Qf3 Qc7 13. Kb1 Bd7 14. g4 0-0-0 15. h4 g6 16. Qe3 Kb8 17. Bf3 Rc8 18. Rd2 Na4 19. Nxa4 Bxa4 20. Nb3 g5 21. hxg5 hxg5 22. Rxh8 Rxh8 23. fxg5 Be5 24. Nc1 Rc8 25. c3 d5 26. Ne2 dxe4 27. Bxe4 Rg8 28. Bc2 Bxc2+ 29. Kxc2 Bd6 30. Rd1 Be7 31. Rf1 Bxg5 32. Qf3 Rd8 33. Rd1 Rxd1 34. Kxd1 Qd7+ 35. Ke1 Qd2+ 36. Kf1 f6 37. Qe4 e5 38. b4 Qxa2 0-1

[Event "POL-chT U19 33rd"]
[Site "Laczna"]
[Date "2002.07.20"]
[Round "7"]
[White "Bartel, Mateusz"]
[Black "Skrzypnik, Maciej"]
[Result "1-0"]
[WhiteElo "2418"]
[BlackElo "2283"]
[PlyCount "49"]
[EventDate "2002.07.15"]
[EventType "team-tourn"]
[EventRounds "11"]
[EventCountry "POL"]
[SourceTitle "CBM 089 Extra"]
[Source "ChessBase"]
[SourceDate "2002.09.10"]
[SourceVersion "2"]
[SourceVersionDate "2002.09.10"]
[SourceQuality "1"]
[WhiteTeam "Warszawa Damis U19"]
[BlackTeam "Gorzow Wielkopolski Stilon U19"]
[WhiteTeamCountry "POL"]
[BlackTeamCountry "POL"]

1. g3 e5 2. Bg2 d6 3. e4 g6 4. d4 Nc6 5. Ne2 Bg7 6. c3 Nf6 7. 0-0 0-0 8. f4 exd4 9. cxd4 d5 10. e5 Ne4 11. Nbc3 Nxc3 12. Nxc3 Ne7 13. Be3 Be6 14. b4 Qd7 15. Qb3 f6 16. Rad1 c6 17. b5 Rfd8 18. Bf2 b6 19. Rfe1 fxe5 20. bxc6 Nxc6 21. dxe5 Na5 22. Qb5 Qxb5 23. Nxb5 Rd7 24. Nd4 Bg4 25. Rd3 1-0

[Event "POL-chT U19 33rd"]
[Site "Laczna"]
[Date "2002.07.18"]
[Round "5"]
[White "Szromba, Krzysztof"]
[Black "Skrzypnik, Maciej"]
[Result "1/2-1/2"]
[WhiteElo "2118"]
[BlackElo "2283"]
[PlyCount "71"]
[EventDate "2002.07.15"]
[EventType "team-tourn"]
[EventRounds "11"]
[EventCountry "POL"]
[SourceTitle "CBM 089 Extra"]
[Source "ChessBase"]
[SourceDate "2002.09.10"]
[SourceVersion "2"]
[SourceVersionDate "2002.09.10"]
[SourceQuality "1"]
[WhiteTeam "Krakow Korona U19"]
[BlackTeam "Gorzow Wielkopolski Stilon U19"]
[WhiteTeamCountry "POL"]
[BlackTeamCountry "POL"]

1. d4 e6 2. c4 b6 3. Nc3 Bb7 4. Nf3 Bb4 5. Qc2 f5 6. a3 Bxc3+ 7. Qxc3 Nf6 8. g3 0-0 9. Bg2 Qe7 10. 0-0 d6 11. b4 Nbd7 12. Bb2 a5 13. Nd2 Bxg2 14. Kxg2 Rfc8 15. Qf3 d5 16. b5 c6 17. Rac1 Ne4 18. Nxe4 dxe4 19. Qb3 a4 20. Qa2 cxb5 21. cxb5 Qd6 22. Rc4 Kf7 23. Rfc1 Qd5 24. Ba1 Rxc4 25. Qxc4 Qxc4 26. Rxc4 Ra5 27. Bc3 Rxb5 28. Rxa4 Rd5 29. Ra7 b5 30. Rb7 g5 31. e3 Kg6 32. h3 h6 33. Kf1 e5 34. dxe5 Nxe5 35. Bxe5 Rxe5 36. Ke2 1/2-1/2

[Event "POL-chT U19 33rd"]
[Site "Laczna"]
[Date "2002.07.16"]
[Round "2"]
[White "Skrzypnik, Maciej"]
[Black "Gajewski, Grzegorz"]
[Result "1/2-1/2"]
[WhiteElo "2283"]
[BlackElo "2388"]
[PlyCount "88"]
[EventDate "2002.07.15"]
[EventType "team-tourn"]
[EventRounds "11"]
[EventCountry "POL"]
[SourceTitle "CBM 089 Extra"]
[Source "ChessBase"]
[SourceDate "2002.09.10"]
[SourceVersion "2"]
[SourceVersionDate "2002.09.10"]
[SourceQuality "1"]
[WhiteTeam "Gorzow Wielkopolski Stilon U19"]
[BlackTeam "Legnica Miedz U19"]
[WhiteTeamCountry "POL"]
[BlackTeamCountry "POL"]

1. e4 c5 2. Nf3 e6 3. d4 cxd4 4. Nxd4 Nc6 5. Nc3 Qc7 6. g3 a6 7. Bg2 Nf6 8. 0-0 Nxd4 9. Qxd4 Bc5 10. Bf4 d6 11. Qd3 Nd7 12. Na4 e5 13. Bd2 b5 14. Nc3 Nb6 15. Rad1 0-0 16. Kh1 b4 17. Nd5 Nxd5 18. exd5 a5 19. c4 bxc3 20. Qxc3 Ba6 21. Rg1 Qb6 22. Be3 Rfc8 23. Qd2 Rab8 24. b3 Qb4 25. Bf1 Bxf1 26. Rgxf1 Bxe3 27. Qxe3 Rc2 28. Ra1 Rbc8 29. Rfc1 Qb5 30. Rxc2 Qxd5+ 31. Kg1 Rxc2 32. Rc1 Rxc1+ 33. Qxc1 g6 34. Qb2 Qe4 35. a3 d5 36. b4 axb4 37. axb4 d4 38. b5 d3 39. b6 Qe2 40. Qb5 Qe1+ 41. Kg2 Qe4+ 42. Kh3 Qf5+ 43. Kg2 Qe4+ 44. Kh3 d2 1/2-1/2

[Event "POL-chT U19 33rd"]
[Site "Laczna"]
[Date "2002.07.15"]
[Round "1"]
[White "Skrzypnik, Maciej"]
[Black "Zawadzki, Stanislaw"]
[Result "1/2-1/2"]
[WhiteElo "2283"]
[BlackElo "2416"]
[PlyCount "100"]
[EventDate "2002.07.15"]
[EventType "team-tourn"]
[EventRounds "11"]
[EventCountry "POL"]
[SourceTitle "CBM 089 Extra"]
[Source "ChessBase"]
[SourceDate "2002.09.10"]
[SourceVersion "2"]
[SourceVersionDate "2002.09.10"]
[SourceQuality "1"]
[WhiteTeam "Gorzow Wielkopolski Stilon U19"]
[BlackTeam "Wroclaw Srodmiescie U19"]
[WhiteTeamCountry "POL"]
[BlackTeamCountry "POL"]

1. e4 c5 2. Nf3 d6 3. Bb5+ Bd7 4. Bxd7+ Nxd7 5. c4 Ngf6 6. Nc3 e6 7. 0-0 Be7 8. d4 0-0 9. b3 cxd4 10. Nxd4 a6 11. Bb2 Qa5 12. Qe2 Rac8 13. Rac1 Rfe8 14. Rfd1 Bf8 15. Kh1 Qe5 16. g3 Qg5 17. Nf3 Qa5 18. Kg2 Rc7 19. Na4 Qh5 20. Bxf6 gxf6 21. Nd4 Qxe2 22. Nxe2 Rec8 23. Nac3 Rc5 24. f4 Be7 25. a4 Kf8 26. g4 h5 27. h3 Ke8 28. Ng3 hxg4 29. hxg4 Bf8 30. Rh1 R8c6 31. Nge2 Rb6 32. Rb1 Rbc6 33. Nd4 Rc8 34. f5 Re5 35. Kf3 Nc5 36. Rh7 Nd7 37. Nde2 b5 38. fxe6 fxe6 39. cxb5 axb5 40. Nxb5 d5 41. exd5 Rxd5 42. Nf4 Ne5+ 43. Ke4 Rd7 44. Rbh1 Nxg4 45. Rxd7 f5+ 46. Kf3 Ne5+ 47. Ke3 Kxd7 48. Rd1+ Ke7 49. Nd4 Bh6 50. Ndxe6 Ng6 1/2-1/2

[Event "POL-ch U18"]
[Site "Bartkowa"]
[Date "2002.??.??"]
[Round "?"]
[White "Denderski, Piotr"]
[Black "Skrzypnik, Maciej"]
[Result "0-1"]
[WhiteElo "2223"]
[BlackElo "2285"]
[PlyCount "101"]
[EventDate "2002.01.??"]
[EventType "swiss"]
[EventRounds "10"]
[EventCountry "POL"]
[SourceTitle "EXT 2005"]
[Source "ChessBase"]
[SourceDate "2004.11.15"]
[SourceVersion "1"]
[SourceVersionDate "2004.11.15"]
[SourceQuality "1"]

1. d4 e6 2. c4 b6 3. e4 Bb7 4. Bd3 f5 5. exf5 Bb4+ 6. Kf1 Nf6 7. Bg5 0-0 8. Nf3 Qe8 9. Nc3 Bxc3 10. bxc3 exf5 11. Bxf6 Rxf6 12. h4 Be4 13. Rh3 Nc6 14. Qe2 Na5 15. Nd2 Bxd3 16. Qxd3 f4 17. Ne4 Rf8 18. c5 Qe6 19. d5 Qe5 20. Re1 Rae8 21. cxb6 axb6 22. Qb5 c6 23. Qxb6 Qxd5 24. Qd4 Qb5+ 25. Rd3 d5 26. Nd2 Rxe1+ 27. Kxe1 Re8+ 28. Kf1 Qb2 29. Kg1 Qxa2 30. Qxf4 Qa1+ 31. Kh2 Qe1 32. Rg3 Qe5 33. Qb4 Qc7 34. Qd4 Nb7 35. Qa7 Qe7 36. Nf3 Nd6 37. Qxe7 Rxe7 38. Nd4 c5 39. Nb3 Ne4 40. Re3 Rb7 41. c4 Nxf2 42. Rf3 dxc4 43. Nxc5 Rf7 44. Kg3 Nd1 45. Rf4 Rxf4 46. Kxf4 c3 47. Nb3 Kf7 48. Nd4 Kg6 49. g4 Nf2 50. Nc2 Kf6 51. Kf3 0-1

[Event "POL-ch U18"]
[Site "Bartkowa"]
[Date "2002.??.??"]
[Round "?"]
[White "Tekielak, Sebastian"]
[Black "Skrzypnik, Maciej"]
[Result "1/2-1/2"]
[WhiteElo "2180"]
[BlackElo "2285"]
[PlyCount "88"]
[EventDate "2002.01.??"]
[EventType "swiss"]
[EventRounds "10"]
[EventCountry "POL"]
[SourceTitle "EXT 2005"]
[Source "ChessBase"]
[SourceDate "2004.11.15"]
[SourceVersion "1"]
[SourceVersionDate "2004.11.15"]
[SourceQuality "1"]

1. e4 e6 2. d4 d5 3. Nc3 Nf6 4. e5 Nfd7 5. Nce2 c5 6. c3 cxd4 7. cxd4 f6 8. exf6 Nxf6 9. Nf3 Nc6 10. Nc3 Bd6 11. Bd3 0-0 12. 0-0 a6 13. Re1 Qc7 14. h3 Kh8 15. Bg5 Bd7 16. Rc1 Rae8 17. Bb1 Re7 18. Qd3 Be8 19. Qd2 Qb8 20. Re2 Bh5 21. Rce1 Bxf3 22. gxf3 Qe8 23. f4 Qf7 24. Qd3 g6 25. Na4 Rfe8 26. Nc5 Bxc5 27. dxc5 Ne4 28. Bh6 Qf6 29. Qe3 Rf7 30. Bxe4 dxe4 31. Qxe4 Qh4 32. Bg5 Qxh3 33. Re3 Qg4+ 34. Rg3 Qf5 35. Qxf5 Rxf5 36. b4 Kg7 37. Rd3 Rf7 38. Re4 h6 39. Bh4 Ref8 40. Bg3 Rd8 41. Rxd8 Nxd8 42. Bh4 Nc6 43. a4 Rd7 44. f3 Kf7 1/2-1/2

[Event "Polanica Zdroj op"]
[Site "Polanica Zdroj"]
[Date "2001.08.24"]
[Round "9"]
[White "Zhigalko, Andrey"]
[Black "Skrzypnik, Maciej"]
[Result "1-0"]
[WhiteElo "2400"]
[BlackElo "2275"]
[PlyCount "40"]
[EventDate "2001.08.16"]
[EventType "swiss"]
[EventRounds "10"]
[EventCountry "POL"]
[SourceTitle "EXT 2002"]
[Source "ChessBase"]
[SourceDate "2001.11.25"]
[SourceVersion "1"]
[SourceVersionDate "2001.11.25"]
[SourceQuality "1"]

1. e4 Nf6 2. e5 Nd5 3. d4 d6 4. Nf3 Bg4 5. Be2 e6 6. 0-0 Be7 7. h3 Bh5 8. c4 Nb6 9. Nc3 0-0 10. Be3 a6 11. Qb3 N8d7 12. Rad1 dxe5 13. c5 Nd5 14. Nxd5 exd5 15. dxe5 Bxf3 16. Bxf3 c6 17. Qc3 Re8 18. Bg4 f6 19. f4 fxe5 20. fxe5 Bg5 1-0

[Event "Polanica Zdroj op"]
[Site "Polanica Zdroj"]
[Date "2001.08.21"]
[Round "6"]
[White "Balcerak, Jakob"]
[Black "Skrzypnik, Maciej"]
[Result "1/2-1/2"]
[WhiteElo "2415"]
[BlackElo "2275"]
[PlyCount "60"]
[EventDate "2001.08.16"]
[EventType "swiss"]
[EventRounds "10"]
[EventCountry "POL"]
[SourceTitle "EXT 2002"]
[Source "ChessBase"]
[SourceDate "2001.11.25"]
[SourceVersion "1"]
[SourceVersionDate "2001.11.25"]
[SourceQuality "1"]

1. e4 e6 2. d4 d5 3. Nc3 Nf6 4. Bg5 Bb4 5. e5 h6 6. Bd2 Bxc3 7. bxc3 Ne4 8. Qg4 g6 9. Bc1 c5 10. Bd3 Nxc3 11. dxc5 Qa5 12. Bd2 Qa4 13. Qf3 Ne4 14. Bxe4 Qxe4+ 15. Qxe4 dxe4 16. Ne2 Bd7 17. Rb1 Bc6 18. Nd4 Kd7 19. Ke2 Na6 20. Be3 Kc7 21. c4 Nxc5 22. Nxc6 Kxc6 23. Bxc5 Kxc5 24. Rxb7 Kxc4 25. Ke3 Kd5 26. Rb5+ Kc6 27. Rb4 Rhb8 28. Rc1+ Kd7 29. Rxe4 Rc8 30. Rd1+ Ke7 1/2-1/2

[Event "POL-ch U18"]
[Site "Zakopane"]
[Date "2001.01.26"]
[Round "11"]
[White "Skrzypnik, Maciej"]
[Black "Zawadzki, Stanislaw"]
[Result "1/2-1/2"]
[WhiteElo "2259"]
[BlackElo "2335"]
[PlyCount "65"]
[EventDate "2001.01.16"]
[EventType "swiss"]
[EventRounds "11"]
[EventCountry "POL"]
[SourceTitle "EXT 2002"]
[Source "ChessBase"]
[SourceDate "2001.11.25"]
[SourceVersion "1"]
[SourceVersionDate "2001.11.25"]
[SourceQuality "1"]

1. e4 c5 2. Nf3 d6 3. d4 cxd4 4. Nxd4 Nf6 5. Nc3 g6 6. Be3 Bg7 7. f3 0-0 8. Qd2 Nc6 9. g4 Nxd4 10. Bxd4 e5 11. Be3 Be6 12. 0-0-0 Qa5 13. Kb1 Rfd8 14. g5 Nh5 15. Nd5 Qxd2 16. Rxd2 Bxd5 17. Rxd5 a6 18. Bc4 Rac8 19. Bb3 Nf4 20. Rd2 Rc6 21. Rhd1 Kf8 22. a4 b5 23. Bxf4 exf4 24. axb5 axb5 25. Rd5 Rb6 26. e5 Ke7 27. exd6+ Rdxd6 28. Rxd6 Rxd6 29. Rxd6 Kxd6 30. Bxf7 Ke7 31. Bg8 h6 32. gxh6 Bxh6 33. c3 1/2-1/2

[Event "POL-ch U18"]
[Site "Zakopane"]
[Date "2001.01.25"]
[Round "10"]
[White "Wasilewski, Bartlomiej"]
[Black "Skrzypnik, Maciej"]
[Result "1/2-1/2"]
[WhiteElo "2139"]
[BlackElo "2259"]
[PlyCount "135"]
[EventDate "2001.01.16"]
[EventType "swiss"]
[EventRounds "11"]
[EventCountry "POL"]
[SourceTitle "EXT 2002"]
[Source "ChessBase"]
[SourceDate "2001.11.25"]
[SourceVersion "1"]
[SourceVersionDate "2001.11.25"]
[SourceQuality "1"]

1. e4 e6 2. d4 d5 3. e5 c5 4. c3 Qb6 5. Nf3 Nc6 6. Be2 cxd4 7. cxd4 Nh6 8. b3 Nf5 9. Bb2 Bb4+ 10. Kf1 Be7 11. g3 Bd7 12. Kg2 f6 13. Bd3 Nh6 14. Nc3 0-0 15. Re1 fxe5 16. dxe5 Ng4 17. Qe2 Rxf3 18. Qxf3 Ncxe5 19. Rxe5 Nxe5 20. Nxd5 Nxf3 21. Nxb6 Nh4+ 22. gxh4 axb6 23. Kg3 Ra5 24. f4 Bf6 25. Bxf6 gxf6 26. Rd1 Rd5 27. Be2 Rxd1 28. Bxd1 Kf7 29. Bc2 h6 30. b4 Ke7 31. Kf3 Kd6 32. Ke3 e5 33. f5 Bc6 34. a3 Bd5 35. Bd3 Kc6 36. Be2 Bb3 37. Bf3+ Kb5 38. Bxb7 Bc2 39. Be4 Bxe4 40. Kxe4 Kc4 41. h5 b5 42. h4 Kb3 43. Kd5 Kxa3 44. Ke6 e4 45. Kxf6 e3 46. Kg7 e2 47. f6 e1Q 48. f7 Qe7 49. Kg8 Kxb4 50. f8Q Qxf8+ 51. Kxf8 Kc5 52. Kg7 b4 53. Kxh6 b3 54. Kg7 b2 55. h6 b1Q 56. h7 Qg1+ 57. Kf7 Qf2+ 58. Kg7 Qg3+ 59. Kf7 Qf4+ 60. Kg7 Qe5+ 61. Kg8 Qe6+ 62. Kg7 Qg4+ 63. Kf7 Qh5+ 64. Kg7 Qe5+ 65. Kg8 Qg3+ 66. Kf7 Qxh4 67. Kg7 Qg4+ 68. Kh8 1/2-1/2

[Event "POL-ch U18"]
[Site "Zakopane"]
[Date "2001.01.19"]
[Round "4"]
[White "Skrzypnik, Maciej"]
[Black "Debowiak, Marcin"]
[Result "1-0"]
[WhiteElo "2259"]
[BlackElo "2143"]
[PlyCount "120"]
[EventDate "2001.01.16"]
[EventType "swiss"]
[EventRounds "11"]
[EventCountry "POL"]
[SourceTitle "EXT 2002"]
[Source "ChessBase"]
[SourceDate "2001.11.25"]
[SourceVersion "1"]
[SourceVersionDate "2001.11.25"]
[SourceQuality "1"]

1. e4 e6 2. d4 d5 3. Nc3 Bb4 4. e5 Ne7 5. a3 Bxc3+ 6. bxc3 c5 7. Qg4 0-0 8. Bd3 Nbc6 9. Qh5 Ng6 10. Nf3 Qc7 11. Be3 c4 12. Bxg6 fxg6 13. Qg4 Qf7 14. Kd2 Bd7 15. Ng5 Qe8 16. h4 b5 17. h5 h6 18. Nf3 Ne7 19. hxg6 Qxg6 20. Qxg6 Nxg6 21. Ng1 a5 22. Ne2 Rab8 23. Rab1 Ne7 24. f4 Rb6 25. g4 Rfb8 26. Ng3 b4 27. axb4 axb4 28. cxb4 Rxb4 29. Rxb4 Rxb4 30. Ra1 Rb7 31. Ra5 g6 32. f5 exf5 33. gxf5 Nxf5 34. Nxf5 Bxf5 35. Rxd5 Rb2 36. Bxh6 Rxc2+ 37. Ke1 c3 38. Rc5 Rh2 39. Bf4 Rh1+ 40. Kf2 c2 41. d5 Rh4 42. Bc1 Re4 43. e6 Bxe6 44. dxe6 Rxe6 45. Rxc2 Kf7 46. Kf3 Rb6 47. Kg4 Ke6 48. Kg5 Kd5 49. Bb2 Ke4 50. Bf6 Kd5 51. Kxg6 Ke4 52. Rc4+ Kd5 53. Rd4+ Kc5 54. Rd2 Rb1 55. Be5 Rf1 56. Kg5 Kc4 57. Bf4 Rf3 58. Kf5 Rd3 59. Re2 Kc5 60. Rc2+ Kd5 1-0

[Event "POL-ch sf"]
[Site "Polanczyk"]
[Date "2000.11.12"]
[Round "9"]
[White "Jakubowski, Krzysztof"]
[Black "Skrzypnik, Maciej"]
[Result "1-0"]
[WhiteElo "2364"]
[BlackElo "2223"]
[PlyCount "87"]
[EventDate "2000.11.04"]
[EventType "swiss"]
[EventRounds "9"]
[EventCountry "POL"]
[SourceTitle "CBM 079 Extra"]
[Source "ChessBase"]
[SourceDate "2001.01.11"]
[SourceVersion "2"]
[SourceVersionDate "2001.01.25"]
[SourceQuality "1"]

1. d4 Nf6 2. c4 d6 3. Nc3 g6 4. e4 Bg7 5. f3 0-0 6. Be3 e5 7. Nge2 Nbd7 8. Qd2 c6 9. 0-0-0 a6 10. Kb1 b5 11. Nc1 Qe7 12. dxe5 dxe5 13. Nb3 Re8 14. Qd6 Qxd6 15. Rxd6 Re6 16. Rxe6 fxe6 17. a4 b4 18. Na2 a5 19. c5 Ba6 20. Bxa6 Rxa6 21. Nac1 Kf8 22. Nd2 Ng8 23. Ncb3 Bh6 24. Bxh6+ Nxh6 25. Nc4 Nf7 26. Rc1 Nd8 27. Ncxa5 Ra8 28. Rd1 Ke7 29. Nc4 Ra6 30. Nd6 Ra8 31. a5 Nb8 32. Nc4 Nb7 33. Kc2 Ra6 34. Ra1 Nd7 35. Ra4 Nbxc5 36. Nxc5 Nxc5 37. Rxb4 Nd7 38. Rb7 Kd8 39. b4 Kc8 40. Nd6+ Kd8 41. Kc3 Ra8 42. Nc4 Ra6 43. Nb6 Nxb6 44. Rxb6 1-0

[Event "EU-ch U16"]
[Site "Chalkidiki"]
[Date "2000.10.10"]
[Round "9"]
[White "Skrzypnik, Maciej"]
[Black "Hanley, Craig"]
[Result "1-0"]
[WhiteElo "2223"]
[BlackElo "2294"]
[PlyCount "57"]
[EventDate "2000.10.02"]
[EventType "swiss"]
[EventRounds "9"]
[EventCountry "GRE"]
[SourceTitle "CBM 078 Extra"]
[Source "ChessBase"]
[SourceDate "2000.11.10"]
[SourceVersion "1"]
[SourceVersionDate "2000.11.10"]
[SourceQuality "1"]

1. e4 e6 2. d4 d5 3. Nc3 Nf6 4. e5 Nfd7 5. f4 c5 6. Nf3 Nc6 7. Be3 a6 8. Qd2 b5 9. dxc5 Bxc5 10. Bxc5 Nxc5 11. Qf2 Qb6 12. b4 Nxb4 13. Rb1 Nc6 14. Bxb5 Bd7 15. 0-0 Qa7 16. Bxc6 Bxc6 17. Nd4 Bd7 18. f5 exf5 19. Nxd5 Ne4 20. Qe3 0-0 21. Rbd1 Rae8 22. Nxf5 Qxe3+ 23. Ndxe3 Bc6 24. Nd4 Ba8 25. Nc4 Nc5 26. Rfe1 Rd8 27. Nf5 Rfe8 28. Ncd6 Re6 29. Ne4 1-0

[Event "Rowy Jantar op"]
[Site "Rowy"]
[Date "2000.06.??"]
[Round "2"]
[White "Berg, Emanuel"]
[Black "Skrzypnik, Maciej"]
[Result "1-0"]
[WhiteElo "2432"]
[BlackElo "2238"]
[PlyCount "75"]
[EventDate "2000.06.??"]
[EventType "swiss"]
[EventRounds "9"]
[EventCountry "POL"]
[SourceTitle "EXT 2005"]
[Source "ChessBase"]
[SourceDate "2004.11.15"]
[SourceVersion "1"]
[SourceVersionDate "2004.11.15"]
[SourceQuality "1"]

1. e4 Nf6 2. e5 Nd5 3. d4 d6 4. c4 Nb6 5. exd6 cxd6 6. Nc3 g6 7. Bg5 h6 8. Be3 Bg7 9. Rc1 0-0 10. Be2 e5 11. dxe5 dxe5 12. c5 N6d7 13. Nf3 Nc6 14. 0-0 f5 15. Qd5+ Kh7 16. Rfd1 f4 17. Bd2 Nf6 18. Qc4 Qe7 19. Bd3 Be6 20. Qa4 Nd7 21. Qc2 Bf5 22. Ne4 Kh8 23. b4 g5 24. Nd6 Bg4 25. Be4 Nf6 26. Re1 Nxe4 27. Qxe4 Rab8 28. b5 Bxf3 29. gxf3 Nd8 30. Bb4 Nf7 31. Nf5 Qf6 32. c6 g4 33. c7 Rbc8 34. Bxf8 Bxf8 35. fxg4 Ng5 36. Qxb7 Nh3+ 37. Kg2 Qg6 38. Kxh3 1-0

[Event "Rowy Jantar op"]
[Site "Rowy"]
[Date "2000.06.??"]
[Round "8"]
[White "Ostrowski, Leszek"]
[Black "Skrzypnik, Maciej"]
[Result "1-0"]
[WhiteElo "2358"]
[BlackElo "2238"]
[PlyCount "117"]
[EventDate "2000.06.??"]
[EventType "swiss"]
[EventRounds "9"]
[EventCountry "POL"]
[SourceTitle "EXT 2005"]
[Source "ChessBase"]
[SourceDate "2004.11.15"]
[SourceVersion "1"]
[SourceVersionDate "2004.11.15"]
[SourceQuality "1"]

1. Nf3 Nf6 2. c4 g6 3. Nc3 Bg7 4. e4 d6 5. d4 0-0 6. Be2 e5 7. 0-0 Nc6 8. d5 Ne7 9. b4 Nh5 10. Re1 f5 11. Ng5 Nf6 12. Bf3 h6 13. Ne6 Bxe6 14. dxe6 c6 15. Be3 f4 16. Bc1 Qc7 17. b5 Rad8 18. bxc6 bxc6 19. Rb1 Qc8 20. c5 d5 21. Qa4 Qxe6 22. Rb7 d4 23. Nb1 Rb8 24. Qxa7 Rxb7 25. Qxb7 g5 26. Bd1 Kh8 27. a4 Ng6 28. Nd2 Qd7 29. Qxd7 Nxd7 30. Ba3 Ra8 31. Bb3 Bf8 32. Rc1 Be7 33. Kf1 Kg7 34. Ke2 Ngf8 35. Nf3 Kf6 36. Ne1 Ne6 37. Nd3 Nc7 38. Kd2 Na6 39. Bd1 Bd8 40. Rc4 Nf8 41. Kc2 Ne6 42. Kb3 Rb8+ 43. Ka2 Ba5 44. Rc2 Bc3 45. Be2 Ra8 46. Rc1 Nac7 47. Kb3 Rb8+ 48. Kc4 Na6 49. Rh1 Rg8 50. Rb1 Ba5 51. Rb7 Rg7 52. Rb6 Bxb6 53. cxb6 Nb8 54. Bd6 Nd7 55. a5 Rg8 56. b7 Nb8 57. Bxe5+ Ke7 58. Bg4 Na6 59. Nb4 1-0